The life and ministry of David Nunn. (Record no. 14198)

000 -LEADER
fixed length control field 00549nam a2200181 a 4500
001 - CONTROL NUMBER
control field :::00012023$&:&@@
003 - CONTROL NUMBER IDENTIFIER
control field OkBaRHE
005 - DATE AND TIME OF LATEST TRANSACTION
control field 20000607103415.0
008 - FIXED-LENGTH DATA ELEMENTS--GENERAL INFORMATION
fixed length control field j 000 0 eng u
040 ## - CATALOGING SOURCE
Transcribing agency
100 1# - MAIN ENTRY--PERSONAL NAME
Personal name Nunn, David.
245 14 - TITLE STATEMENT
Title The life and ministry of David Nunn.
260 ## - PUBLICATION, DISTRIBUTION, ETC. (IMPRINT)
Place of publication, distribution, etc Dallas, TX., :
Name of publisher, distributor, etc David Nunn
Date of publication, distribution, etc nd
300 ## - PHYSICAL DESCRIPTION
Extent 47 p. : : illus. ;
Dimensions 28 cm.
650 ## - SUBJECT ADDED ENTRY--TOPICAL TERM
Topical term or geographic name as entry element Nunn, David Biography
942 ## - ADDED ENTRY ELEMENTS (KOHA)
Source of classification or shelving scheme
Koha item type Books
Copies
Not for loan Damaged status Permanent Location Lost status Price effective from Withdrawn status Source of classification or shelving scheme Koha item type Full call number Shelving location Barcode Date acquired Copy number Date last seen
  RHEMA Bible Training College 2010-04-14  BooksBX 8764 .Z8N81General Stacks120232010-04-1412010-04-14